000 00423nam a2200133Ia 4500
008 151213s9999 xx 000 0 und d
100 _aAdrian Daff & Christopher Jones
245 _aLanguage in Use - Intermediate Class Room Book.
_cAdrian Daff & Christopher Jones
260 _aNew Yeork
_bCambridge University
_c1994
300 _a1910 p.
650 _aEnglish
700 _aAdrian Daff & Christopher Jones
999 _c1413
_d1413